Logo BPK

Biblioteka

Politechniki Koszalińskiej

Wykładnia prawa : (Rekord nr 40859)

Szczegóły MARC
000 -ETYKIETA REKORDU
podpole kontrolne o stałej długości 00580nam a2200217 i 4500
001 - NUMER KONTROLNY REKORDU
pole kontrolne bg
020 ## - MIĘDZYNARODOWY ZNORMALIZOWANY NUMER KSIĄŻKI - ISBN
ISBN 8373340882
040 ## - ŹRÓDŁO KATALOGOWANIA
Instytucja, która utworzyła rekord BPK
041 0# - KOD JĘZYKA
Kod języka tekstu pl
080 ## - UNIWERSALNA KLASYFIKACJA DZIESIĘTNA - UKD
UKD 340(075.8)
920 ## - Międzynarodowy znormalizowany numer książki – ISBN
ISBN 83-7334-088-2
008 - POLE O STAŁEJ DŁUGOŚCI - DANE KONTROLNE
podpole kontrolne o stałej długości s pl f |000 0 pol
100 1# - NAZWA OSOBOWA
Nazwa osobowa ZIELIŃSKI, Maciej
245 10 - TYTUŁ/ODPOWIEDZIALNOŚĆ
Tytuł Wykładnia prawa :
Ciąg dalszy tytułu zasady, reguły, wskazówki /
Pozostałe elementy strefy tytułu i oznaczenia odpowiedzialności Maciej Zieliński.
260 ## - STREFA ADRESU WYDAWNICZEGO
Miejsce wydania Warszawa :
Nazwa wydawcy/dystrybutora Wydaw. Prawnicze "LexisNexis",
Data publikacji, dystrybucji/powstania dokumentu 2002.
300 ## - STREFA OPISU FIZYCZNEGO
Objętość 333 s. ;
Rozmiary 21 cm.
504 ## - UWAGA DOTYCZĄCA BIBLIOGRAFII
Informacje o bibliografii Indeks.
650 #9 - HASŁO PRZEDMIOTOWE W FORMIE NAZWY OGÓLNEJ LUB JEDNOSTKOWEJ
Nazwa ogólna lub geograficzna Prawo
Określnik ogólny teoria
655 ## - TERMIN INDEKSOWY - OKREŚLENIE RODZAJU/FORMY DOKUMENTU
Określenie rodzaju/formy dokumentu Podręczniki akademickie
856 ## - LOKALIZACJA I DOSTĘP DO ELEKTRONICZNYCH DOKUMENTÓW ZDALNYCH
Link (URL) http://koha.tu.koszalin.pl/cgi-bin/koha/opac-detail.pl?biblionumber=40859
Tekst linku Katalog online BPK
942 ## - DODATKOWE ELEMENTY (KOHA)
Typ dokumentu Książka
Egzemplarze
Wycofany Status egzemplarza Uszkodzony Dostępność Lokalizacja stała Lokalizacja bieżąca Miejsce przechowywania Sygnatura Kod kreskowy Typ dokumentu
      Dostępny Biblioteka Politechniki Koszalińskiej Biblioteka Politechniki Koszalińskiej Wypożyczalnia BG 62934 01676020 Książka
© 2023 Biblioteka Politechniki Koszalińskiej :: KOHA